The best man to die
| Main Author: | |
|---|---|
| Format: | Book |
| Published: |
London :
Hutchinson ,
1990
|
| Series: | The Wexford collection
|
| Subjects: |
MARC
| LEADER | 00000cam a2200000 7i4500 | ||
|---|---|---|---|
| 001 | 0000003618 | ||
| 002 | 000003895 | ||
| 005 | .0 | ||
| 020 | |a 009174301X | ||
| 090 | 0 | 0 | |a F |b REN |
| 100 | 1 | |a Rendell, Ruth | |
| 245 | 1 | 4 | |a The best man to die |c Ruth Rendell |
| 260 | |a London : |b Hutchinson , |c 1990 | ||
| 300 | |a 195 p. ; |c 22 cm. | ||
| 490 | 0 | |a The Wexford collection | |
| 650 | 0 | 0 | |a Crime and detection fiction |
| 999 | |a 032187 |b BUKU |c PINJAMAN |e PERPUSTAKAAN KOMUNITI PETALING JAYA | ||